000
00291nam a22001217a 4500
999
_c
167050
_d
167050
082
_a
_b
245
_a
Environmental history asif nature existed/
_c
by John R McNeil (ed.).
260
_a
_b
Oxford,
_c
2011.
300
_a
248p.
650
_a
700
_a
John R McNeil (ed.)
942
_c
BK